[Event "Torquay Paignton Bloodworth op"]
[Site "Torquay"]
[Date "2018.09.06"]
[Round "5"]
[White "Morton, Peter S"]
[Black "Hunt, Ray K"]
[Result "1/2-1/2"]
[WhiteElo "1978"]
[BlackElo "128"]
[PlyCount "55"]
[EventDate "2018.09.02"]
[EventType "swiss"]
[EventRounds "7"]
[EventCountry "ENG"]
[SourceTitle "CBM 187 Extra"]
[Source "ChessBase"]
[SourceDate "2018.11.04"]
[SourceVersion "1"]
[SourceVersionDate "2018.11.04"]
[SourceQuality "1"]

1. e4 c5 2. g3 e5 3. Bg2 Nf6 4. Ne2 Nc6 5. c3 d6 6. Na3 a6 7. Nc2 Be7 8. 0-0 0-0 9. d4 Bg4 10. d5 Nb8 11. Ne3 Bh5 12. f3 Qc7 13. g4 Bg6 14. Ng3 h6 15. Nef5 Nh7 16. Be3 Bg5 17. h4 Bxe3+ 18. Nxe3 Nf6 19. Qd2 Nbd7 20. Nef5 Bxf5 21. Nxf5 Kh7 22. Bh3 Ng8 23. Kh1 g6 24. Ng3 Qd8 25. h5 g5 26. Rf2 b5 27. Bf1 Nb6 28. b3 1/2-1/2

[Event "Torquay Paignton Bloodworth op"]
[Site "Torquay"]
[Date "2018.09.02"]
[Round "1"]
[White "Annetts, Ivor S"]
[Black "Hunt, Ray K"]
[Result "1-0"]
[WhiteElo "147"]
[BlackElo "128"]
[PlyCount "93"]
[EventDate "2018.09.02"]
[EventType "swiss"]
[EventRounds "7"]
[EventCountry "ENG"]
[SourceTitle "CBM 187 Extra"]
[Source "ChessBase"]
[SourceDate "2018.11.04"]
[SourceVersion "1"]
[SourceVersionDate "2018.11.04"]
[SourceQuality "1"]

1. b3 Nf6 2. Bb2 d6 3. Bxf6 exf6 4. c4 Bf5 5. Nf3 Nc6 6. d4 Be7 7. Nc3 a6 8. e3 0-0 9. Bd3 Bxd3 10. Qxd3 Qd7 11. e4 Nb4 12. Qd2 Nc6 13. Qf4 b5 14. 0-0 bxc4 15. bxc4 Rfe8 16. Rab1 Rab8 17. Rxb8 Rxb8 18. Rb1 Rxb1+ 19. Nxb1 Qc8 20. Nbd2 Qb7 21. Qe3 h6 22. Qb3 Qxb3 23. axb3 Nb4 24. Kf1 Bd8 25. Ke2 Kf8 26. Ne1 Ke7 27. Nd3 c5 28. dxc5 Nxd3 29. cxd6+ Kxd6 30. Kxd3 Bb6 31. f3 Kc5 32. Kc3 Ba5+ 33. Kd3 Bc7 34. h3 Be5 35. Nf1 Kb4 36. Kc2 a5 37. Ne3 g6 38. Ng4 h5 39. Nh6 a4 40. bxa4 Kxa4 41. Kd3 Kb4 42. Nxf7 Bb2 43. Nh8 g5 44. Ng6 Kc5 45. g3 Kd6 46. f4 Ba1 47. e5+ 1-0